00919nam a2200289 i 450000100060000000300090000600500170001500800390003202000150007104000360008608000120012208000120013410000440014624500620019025000200025226000480027230000330032038000160035338800100036950400340037965000130041365100110042665500300043765800300046771000340049785600980053151799KOSZ 00520220623075559.0060524s2005 pl f f |000 0 pol a8301145692 cKOSZ 005aKOSZ 005dKOSZ 005/HR a55(438) a(075.8)1 aMizerski, Włodzimierzd(1949- )eAutor10aGeologia Polski dla geografów /cWłodzimierz Mizerski. aWyd. 2 uaktual. aWarszawa :bWydawnictwo Naukowe PWN,c2005. a255, [1] s. :bil. ;c24 cm. aKsiążki a2001- aBibliogr. przy rozdz. Indeks. 7aGeologia 4aPolska 4aPodręczniki akademickie aGeografia i nauki o Ziemi2 aWydawnictwo Naukowe PWN4pbl. uhttp://koha.tu.koszalin.pl/cgi-bin/koha/opac-detail.pl?biblionumber=51799yKatalog online BPK